Принципы теории твердого тела: пер. со 2-го англ. изд.

Bibliographic Details
Main Author: Займан Дж.
Other Authors: Бонч-Бруевич В. Л. (редактор)
Language:Russian
Published: Москва, Мир, 1974
Subjects:
Format: Book
KOHA link:https://koha.lib.tpu.ru/cgi-bin/koha/opac-detail.pl?biblionumber=49909

MARC

LEADER 00000nam0a2200000 4500
001 49909
005 20231031032707.0
035 |a (RuTPU)RU\TPU\book\52252 
090 |a 49909 
100 |a 20030408d1974 k y0rusy50 ca 
101 1 |a rus  |c eng 
102 |a RU 
105 |a a z 001zy 
200 1 |a Принципы теории твердого тела  |e пер. со 2-го англ. изд.  |f Дж. Займан  |g под ред. В. Л. Бонч-Бруевича 
210 |a Москва  |c Мир  |d 1974 
215 |a 472 с.  |c ил. 
320 |a Библиогр.: с. 455-464. 
320 |a Предм. указ.: с. 465-469. 
610 1 |a твердые тела 
610 1 |a физика 
610 1 |a методы 
610 1 |a примеси 
610 1 |a сверхпроводники 
675 |a 539.2  |v 3 
700 1 |a Займан  |b Дж. 
702 1 |a Бонч-Бруевич  |b В. Л.  |4 340 
801 1 |a RU  |b 63413507  |c 20030408  |g PSBO 
801 2 |a RU  |b 63413507  |c 20160204  |g PSBO 
900 |a Физика твердого тела 
942 |c BK